Statistics for Most Populous Sydney Suburbs

Click here to take the quiz!

General Stats

  • This quiz has been taken 43 times
  • The average score is 11 of 30

Answer Stats

LGA
Population
Answer% Correct
Parramatta30,211Parramatta
76%
Canterbury - Bankstown34,933Bankstown
59%
The Hills40,874Castle Hill
59%
Liverpool31,078Liverpool
59%
Blacktown50,961Blacktown
57%
Willoughby25,553Chatswood
54%
Hornsby22,462Hornsby
49%
Strathfield25,915Strathfield
46%
The Hills37,415Baulkham HIlls
43%
Cumberland39,333Auburn
41%
Inner West26,570Marrickville
41%
Parramatta29,551Epping
38%
The Hills27,011Kellyville
38%
Mosman28,329Mosman
38%
Randwick28,943Randwick
38%
Georges River31,162Hurstville
35%
Cumberland23,663Lidcombe
32%
Randwick30,722Maroubra
32%
Northern Beaches23,354Dee Why
30%
Bayside21,591Mascot
30%
Inner West23,012Ashfield
27%
Canterbury - Bankstown26,132Campsie
27%
Ryde31,907Ryde
27%
Parramatta28,044Carlingford
24%
Cumberland32,472Merrylands
24%
Cumberland24,091Guildford
22%
Canterbury - Bankstown26,314Greenacre
16%
Blacktown27,893Quakers Hill
14%
Penrith25,021Glenmore Park
11%
Cumberland23,511Greystanes
8%

Score Distribution

Percentile by Number Answered

Percent of People with Each Score

Your Score History

You have not taken this quiz